LDR 00911nam a2200205 i 4500 001 000000003442 003 CaOOAMICUS 005 20260409125233.0 008 180830s1979 it d u000 u mul u 040 $aSeMil$bita 100 1 $aCarbonell, Sebastián.$0(OLS)http://semarc/name/2619 245 10$aDizionario fraseologico completo :$bitaliano-spagnolo e spagnolo-italiano /$cS. Carbonell. 264 1$aMilano :$bHoepli,$c1979. 300 $a2 v. ;$c23 cm 650 4$aLingua spagnola - Dizionari, vocabolari, glossari, etc.$0(OLS)http://semarc/subject/59903 774 0 $tParte italiana-spagnola.$z88-203-0225-X$w()104054 774 0 $tParte spagnola-italiana.$z88-203-0224-1$w()104055 996 $6245$aDizionario fraseologico completo :$bitaliano-spagnolo e spagnolo-italiano$9(OLS)http://semarc/title/5893 996 $6264$aMilano :$bHoepli$9(OLS)http://semarc/publisher/31184